<?xml version="1.0" encoding="UTF-8"?><?xml-stylesheet type="text/xsl" href="static/style.xsl"?><OAI-PMH xmlns="http://www.openarchives.org/OAI/2.0/" xmlns:xsi="http://www.w3.org/2001/XMLSchema-instance" xsi:schemaLocation="http://www.openarchives.org/OAI/2.0/ http://www.openarchives.org/OAI/2.0/OAI-PMH.xsd"><responseDate>2026-04-17T13:51:51Z</responseDate><request verb="GetRecord" identifier="oai:riubu.ubu.es:10259/6382" metadataPrefix="marc">https://riubu.ubu.es/oai/request</request><GetRecord><record><header><identifier>oai:riubu.ubu.es:10259/6382</identifier><datestamp>2022-12-02T12:11:35Z</datestamp><setSpec>com_10259_6185</setSpec><setSpec>com_10259_3591</setSpec><setSpec>com_10259.4_106</setSpec><setSpec>com_10259_2604</setSpec><setSpec>com_10259_4323</setSpec><setSpec>com_10259_5086</setSpec><setSpec>col_10259_6186</setSpec><setSpec>col_10259_4330</setSpec></header><metadata><record xmlns="http://www.loc.gov/MARC21/slim" xmlns:doc="http://www.lyncode.com/xoai" xmlns:xsi="http://www.w3.org/2001/XMLSchema-instance" xmlns:dcterms="http://purl.org/dc/terms/" xsi:schemaLocation="http://www.loc.gov/MARC21/slim http://www.loc.gov/standards/marcxml/schema/MARC21slim.xsd">
<leader>00925njm 22002777a 4500</leader>
<datafield tag="042" ind1=" " ind2=" ">
<subfield code="a">dc</subfield>
</datafield>
<datafield tag="720" ind1=" " ind2=" ">
<subfield code="a">Ghazipour, H.</subfield>
<subfield code="e">author</subfield>
</datafield>
<datafield tag="720" ind1=" " ind2=" ">
<subfield code="a">Gutiérrez Vega, Alberto</subfield>
<subfield code="e">author</subfield>
</datafield>
<datafield tag="720" ind1=" " ind2=" ">
<subfield code="a">Alavianmehr, M. M.</subfield>
<subfield code="e">author</subfield>
</datafield>
<datafield tag="720" ind1=" " ind2=" ">
<subfield code="a">Hosseini, S. M.</subfield>
<subfield code="e">author</subfield>
</datafield>
<datafield tag="720" ind1=" " ind2=" ">
<subfield code="a">Aparicio Martínez, Santiago</subfield>
<subfield code="e">author</subfield>
</datafield>
<datafield tag="260" ind1=" " ind2=" ">
<subfield code="c">2022-02</subfield>
</datafield>
<datafield tag="520" ind1=" " ind2=" ">
<subfield code="a">Binary liquid mixtures of 1-butyl-3-methylimidazolium glutamate acid ([bmim][glu]) with alkanols (1-propanol, isobutanol and 1,2-propanediol) are studied in the full composition range as a function of temperature using a combined experimental and computational chemistry approach. Experimental thermophysical information as well as derived excess and mixing properties allowed to characterize these complex liquid mixtures in terms of deviation from ideality as well their relationships with the developed intermolecular forces and changes with the type of considered alkanols. Theoretical studies using quantum chemistry and classical molecular dynamics simulations provided nanoscopic characterization on the studied fluids, with particular attention to the extension and nature of hydrogen bonding and its effects on molecular arrangements and mixed fluids’ properties. The reported study provides a micro and macroscopic characterization of the considered aminoacid-based ionic liquid mixtures, thus contributing to the knowledge of sustainable ionic liquid systems mixed with organic solvents for fine tuning properties and developing task specific applications.</subfield>
</datafield>
<datafield tag="024" ind2=" " ind1="8">
<subfield code="a">0167-7322</subfield>
</datafield>
<datafield tag="024" ind2=" " ind1="8">
<subfield code="a">http://hdl.handle.net/10259/6382</subfield>
</datafield>
<datafield tag="024" ind2=" " ind1="8">
<subfield code="a">10.1016/j.molliq.2021.117953</subfield>
</datafield>
<datafield ind1=" " ind2=" " tag="653">
<subfield code="a">Aminoacid ionic liquid</subfield>
</datafield>
<datafield ind1=" " ind2=" " tag="653">
<subfield code="a">Alkanols</subfield>
</datafield>
<datafield ind1=" " ind2=" " tag="653">
<subfield code="a">Liquid mixtures</subfield>
</datafield>
<datafield ind1=" " ind2=" " tag="653">
<subfield code="a">Hydrogen bonding</subfield>
</datafield>
<datafield ind1=" " ind2=" " tag="653">
<subfield code="a">Quantum chemistry</subfield>
</datafield>
<datafield ind1=" " ind2=" " tag="653">
<subfield code="a">Molecular dynamics</subfield>
</datafield>
<datafield tag="245" ind1="0" ind2="0">
<subfield code="a">Tuning the properties of ionic liquids by mixing with organic solvents: The case of 1-butyl-3-methylimidazolium glutamate with alkanols</subfield>
</datafield>
</record></metadata></record></GetRecord></OAI-PMH>